000
00324nam a22001457a 4500
008
230208b ||||| |||| 00| 0 eng d
020
_a
9780321567970
041
_a
eng
080
_2
4TH EDITION
_a
51
082
_a
51PRI
100
_a
20
101
_a
MATEM
245
_a
MATHEMATICS ALL AROUND
_c
PIRNOT
942
_2
udc
_c
BK
999
_c
59338
_d
59338